000 00866cam a2200277 i 4500
001 28573
003 Mx-PuUPA
005 20240621121634.0
008 140415s2002 mx d gr 000 0 spa d
020 _a9701038339
040 _aMx-PuUPA
_bspa
_cMx-PuUPA
_dMx-PuUPA
_erda
041 0 _aspa
100 1 _aAthíe Gutiérrez, Amado,
_915772
_eautor
245 1 0 _aDerecho mercantil /
_cAmado Athié Gutiérrez
250 _aSegunda edición
264 1 _aMéxico, D. F. :
_bMcGraw-Hill Interamericana Editores,
_c©2002
300 _axx, 721 páginas ;
_c23 cm
336 _2rdacontent
_atexto
_btxt
337 _2rdamedia
_asin medio
_bn
338 _2rdacarrier
_avolumen
_bnc
490 0 _aJurídica
650 7 _2armarc
_aDerecho comercial
_zMéxico
942 _2ddc
_cLI
_h346.7207
_iA865
999 _c28573
_d28573